| 000 | 00000nam 2200000za 4500 |
| 001 | 9.851866 |
| 003 | CaOODSP |
| 005 | 20221107154442 |
| 007 | cr ||||||||||| |
| 008 | 180214s2018 onc o f000 0 eng d |
| 020 | |a9780660252360 |
| 040 | |aCaOODSP|beng |
| 043 | |an-cn--- |
| 086 | 1 |aH129-74/2018E-PDF |
| 245 | 00|aLegalizing and strictly regulating cannabis |h[electronic resource] : |bthe facts. |
| 260 | |a[Ottawa] : |bGovernment of Canada, |cc2018. |
| 300 | |a2 p. |
| 500 | |aIssued also in French under title: La légalisation et la réglementation stricte du cannabis : les faits. |
| 500 | |aCaption title. |
| 500 | |aIssued by: Health Canada. |
| 500 | |aIssued also in HTML format. |
| 520 | |a"This factsheet describes how the Cannabis Act would restrict access to cannabis, protect public health and safety, and set criminal penalties”--Provided by publisher. |
| 692 | 07|2gccst|aMarijuana |
| 693 | 4|aDrug legalization |
| 710 | 1 |aCanada. |bHealth Canada. |
| 775 | 08|tLa légalisation et la réglementation stricte du cannabis |w(CaOODSP)9.851867 |
| 794 | |tLegalizing and strictly regulating cannabis |w(CaOODSP)9.853480 |
| 795 | |tLegalizing and strictly regulating cannabis |w(CaOODSP)9.835169 |
| 856 | 40|qPDF|s96 KB|uhttps://publications.gc.ca/collections/collection_2018/sc-hc/H129-74-2018-eng.pdf |
| 856 | 4 |qHTML|sN/A|uhttps://www.canada.ca/en/services/health/campaigns/legalizing-strictly-regulating-cannabis-facts.html |
| 986 | |a170483 |